Cataloguing and classification : (Record no. 6615)

000 -LEADER
fixed length control field 00895cam a22002895i 4500
001 - CONTROL NUMBER
control field 18345861
005 - DATE AND TIME OF LATEST TRANSACTION
control field 20241119101539.0
008 - FIXED-LENGTH DATA ELEMENTS--GENERAL INFORMATION
fixed length control field 141023s2014 mau 000 0 eng
010 ## - LIBRARY OF CONGRESS CONTROL NUMBER
LC control number 2014955045
020 ## - INTERNATIONAL STANDARD BOOK NUMBER
International Standard Book Number 9780081001615 (pbk.)
International Standard Book Number 0081001614 (pbk.)
040 ## - CATALOGING SOURCE
Original cataloging agency DLC
Language of cataloging eng
Description conventions rda
Transcribing agency DLC
042 ## - AUTHENTICATION CODE
Authentication code pcc
082 ## - DEWEY DECIMAL CLASSIFICATION NUMBER
Edition number 23
Classification number 025
100 1# - MAIN ENTRY--PERSONAL NAME
Personal name Lazarinis, Fortis.
9 (RLIN) 5370
245 10 - TITLE STATEMENT
Title Cataloguing and classification :
Remainder of title an introduction to aacr2, rca, ddc, lcc, lcsh and marc 21 standards /
Statement of responsibility, etc. Fortis Lazarinis.
263 ## - PROJECTED PUBLICATION DATE
Projected publication date 1412
264 #1 - PRODUCTION, PUBLICATION, DISTRIBUTION, MANUFACTURE, AND COPYRIGHT NOTICE
Place of production, publication, distribution, manufacture Waltham, MA :
Name of producer, publisher, distributor, manufacturer Elsevier,
Date of production, publication, distribution, manufacture, or copyright notice 2014.
300 ## - PHYSICAL DESCRIPTION
Extent pages cm
336 ## - CONTENT TYPE
Content type term text
Content type code txt
Source rdacontent
337 ## - MEDIA TYPE
Media type term unmediated
Media type code n
Source rdamedia
338 ## - CARRIER TYPE
Carrier type term volume
Carrier type code nc
Source rdacarrier
490 0# - SERIES STATEMENT
Series statement Chandos information professional series
906 ## - LOCAL DATA ELEMENT F, LDF (RLIN)
a 0
b ibc
c orignew
d 2
e epcn
f 20
g y-gencatlg
942 ## - ADDED ENTRY ELEMENTS (KOHA)
Source of classification or shelving scheme
Koha item type Books (Long term)
Holdings
Withdrawn status Lost status Source of classification or shelving scheme Damaged status Not for loan Collection code Permanent Location Current Location Shelving location Date acquired Total Checkouts Full call number Barcode Date last seen Price effective from Koha item type Accession Total Renewals Date last checked out
          English Collection Shan State Buddhist University Library Shan State Buddhist University Library English Shelves 07/05/2022   025 La 17879 EB00017879 07/05/2022 07/05/2022 Books (Long term) 17879    
          English Collection Shan State Buddhist University Library Shan State Buddhist University Library English Shelves 07/05/2022   025 La 17878 EB00017878 07/05/2022 07/05/2022 Books (Long term) 17878    
          English Collection Shan State Buddhist University Library Shan State Buddhist University Library English Shelves 23/05/2022 3 025 La 18098 EB00018098 05/07/2025 23/05/2022 Books (Long term) 18098 1 06/06/2025

Library - 09407999929
Admin Office - 09407999979
Dean Office - 09250910768
Registrar Office - 09892297154
Email - [email protected]
Shan State Buddhist University, Phaya Phyu Taunggyi, Shan State, Myanmar.